000 00553nam a2200181Ia 4500
008 090711s9999 xx 000 0 und d
082 _b1855
100 _aनारायण जयप्रकाश
245 _aस्वगत
260 _bअभय प्रकाशन
_c1976
300 _a135
600 _aनारायण जयप्रकाश
630 _aस्वगत
700 _aनारायण जयप्रकाश
700 _aप्रधान ग. प्र.
730 _aस्वगत
942 _cBOOK
999 _c338895
_d338892